000 00756nam a22002537a 4500
003 UA-OsUOA
001 28086
007 ta
008 20040923b un ||||| |||| 00| 0 ukr d
100 _aНиколина Н. А.
090 _a81'42(075.8)
_bН63
942 _cBK
040 _aUA-OsUOA
_brus
_cUA-OsUOA
_dUA-OsUOA
245 _aФилологический анализ текста
_bУчебное пособие для студентов высш. пед. заведений
300 _a256 с.
955 _a0
041 _arus
080 _a81'42(075.8)
020 _a5-7695-0954-6
260 _aМосква
_bИздательский центр "Академия"
_c2003
044 _aRU
650 7 _2UDC
999 _c314443
_d314443